| 000 | 00366nam a22001337a 4500 | ||
|---|---|---|---|
| 999 |
_c12410 _d12410 |
||
| 008 | 160804b xxu||||| |||| 00| 0 eng d | ||
| 020 | _a8123913478 | ||
| 050 | _aTN 609 .M47 2006 | ||
| 100 | _aLewis J.R | ||
| 245 | _aA dictionary of metallurgy. | ||
| 260 |
_aDelhi: _bS.K. _c2006. |
||
| 300 |
_a409p. _bill. _c21cm. |
||
| 650 | _aA dictionary of metallurgy | ||
| 942 |
_2lcc _cBOOKS _hTN 609 .M47 2006 _01 |
||